000 00438nam a2200181Ia 4500
001 2505
005 20260306144812.0
008 260306t2008||||xx |||||||||||||| ||spa||
041 _aESP
082 _a616.8914
_bC33
100 _aCastanedo Secadas, Celedonio
_eAUT
245 0 _aSeis enfoques psicoterapéuticos
260 _c2008
300 _a452 páginas :
_c23 cm.
650 _aGEN
654 _aCPS
942 _cLIB
_dJUS
_fJUS
_2ddc
_n
999 _c2505
_d2505